000 00254nam a2200109Ia 4500
008 220204s9999 xx 000 0 und d
082 _a82-3MB
_bCAR
100 _aRosemary
245 0 _aAdam's bride
260 _aLondon
_bMills and Boon
_c1977
942 _cBK
999 _c31534
_d31534